• AIU
  • Tony Wilmot Memorial Library

The day after Mugabe : (Record no. 33021)

MARC details
000 -LEADER
fixed length control field 00574nam a22001691a 4500
020 ## - INTERNATIONAL STANDARD BOOK NUMBER
International Standard Book Number 1906329001
Terms of availability 0.00
040 ## - CATALOGING SOURCE
Original cataloging agency NEGST Library - Kenya
082 ## - DEWEY DECIMAL CLASSIFICATION NUMBER
Classification number DT 2889.D39 2007
100 ## - MAIN ENTRY--PERSONAL NAME
Personal name Ashurst, Mark
245 ## - TITLE STATEMENT
Title The day after Mugabe :
Remainder of title prospects for change in Zimbabwe
Statement of responsibility, etc edited by Gugulethu Moyo with Mark Ashurst
Medium [Text]
260 ## - PUBLICATION, DISTRIBUTION, ETC. (IMPRINT)
Place of publication, distribution, etc London
Name of publisher, distributor, etc African Research Institute
Date of publication, distribution, etc 2007
300 ## - PHYSICAL DESCRIPTION
Extent 214 p.;
500 ## - GENERAL NOTE
General note Includes bibliography [Africana]
600 ## - SUBJECT ADDED ENTRY--PERSONAL NAME
Personal name Zimbambwe - General works
700 ## - ADDED ENTRY--PERSONAL NAME
Personal name Moyo, Gugulethu
852 ## - LOCATION/CALL NUMBER
-- 22.50
Holdings
Withdrawn status Lost status Source of classification or shelving scheme Damaged status Not for loan Collection code Home library Current library Shelving location Date acquired Source of acquisition Cost, normal purchase price Total Checkouts Full call number Barcode Date last seen Copy number Price effective from Koha item type
    Library of Congress Classification     General Circulation AIU/NEGST - Tony Wilmot Memorial Library AIU/NEGST - Tony Wilmot Memorial Library General Stacks 11/30/2009 Donation - Dr. Nicole 22.50   DT 2889.D39 2007 R34467L3232 09/02/2019 1 11/30/2009 Books